[Event "Nizhnij Novgorod Dubinin Memorial 22nd"]
[Site "Nizhnij Novgorod"]
[Date "2015.??.??"]
[Round "1"]
[White "Kluev, Vladimir"]
[Black "Golub, Marija"]
[Result "1-0"]
[WhiteElo "2081"]
[BlackElo "1638"]
[PlyCount "39"]
[EventDate "2015.01.03"]
[EventType "swiss"]
[EventRounds "9"]
[EventCountry "RUS"]
[SourceTitle "CBM 164 Extra"]
[Source "ChessBase"]
[SourceDate "2015.03.02"]
[SourceVersion "1"]
[SourceVersionDate "2015.03.02"]
[SourceQuality "1"]

1. Nf3 d5 2. e3 Nf6 3. c4 c6 4. d4 e6 5. Nc3 Nbd7 6. Qc2 Bd6 7. Bd3 dxc4 8. Bxc4 b5 9. Bd3 Bb7 10. e4 e5 11. Bg5 b4 12. Na4 Qa5 13. 0-0 exd4 14. Rae1 Ng4 15. e5 Ndxe5 16. Nxe5 Bxe5 17. Qc5 Qxc5 18. Nxc5 Bc8 19. h3 0-0 20. hxg4 1-0

[Event "Nizhnij Novgorod Dubinin Memorial 22nd"]
[Site "Nizhnij Novgorod"]
[Date "2015.??.??"]
[Round "2"]
[White "Shapfiullin, Ruslan"]
[Black "Kluev, Vladimir"]
[Result "0-1"]
[WhiteElo "1865"]
[BlackElo "2081"]
[PlyCount "64"]
[EventDate "2015.01.03"]
[EventType "swiss"]
[EventRounds "9"]
[EventCountry "RUS"]
[SourceTitle "CBM 164 Extra"]
[Source "ChessBase"]
[SourceDate "2015.03.02"]
[SourceVersion "1"]
[SourceVersionDate "2015.03.02"]
[SourceQuality "1"]

1. d4 Nf6 2. Nf3 e6 3. Bf4 d5 4. e3 Bd6 5. Bg3 0-0 6. Nbd2 b6 7. Ne5 c5 8. c3 a5 9. Bd3 Ba6 10. Bc2 Qc7 11. f4 Nbd7 12. Ndf3 cxd4 13. exd4 Ne4 14. Bxe4 dxe4 15. Ng5 Nf6 16. Ng4 Nd5 17. Ne5 Bxe5 18. fxe5 Bd3 19. Qd2 Qc4 20. Rd1 Qxa2 21. Nh3 a4 22. Nf4 Nxf4 23. Bxf4 a3 24. bxa3 Qb3 25. Kf2 Rxa3 26. Ra1 Rfa8 27. Rxa3 Rxa3 28. Kg3 Ra2 29. Qe3 Re2 30. Qc1 b5 31. Bd2 Qa2 32. Qa1 Rxd2 0-1

[Event "Nizhnij Novgorod Dubinin Memorial 19th"]
[Site "Nizhnij Novgorod"]
[Date "2012.01.??"]
[Round "2"]
[White "Bodyagin, Anton"]
[Black "Kluev, Vladimir"]
[Result "1-0"]
[WhiteElo "1854"]
[BlackElo "2105"]
[PlyCount "39"]
[EventDate "2012.01.??"]
[EventType "swiss"]
[EventRounds "9"]
[EventCountry "RUS"]
[SourceTitle "EXT 2015"]
[Source "ChessBase"]
[SourceDate "2014.11.20"]
[SourceVersion "1"]
[SourceVersionDate "2014.11.20"]
[SourceQuality "1"]

1. Nf3 Nf6 2. c4 g6 3. Nc3 Bg7 4. e4 d6 5. d4 0-0 6. Be2 Nc6 7. 0-0 e5 8. d5 Ne7 9. b4 a5 10. bxa5 Rxa5 11. Nd2 Nd7 12. Nb3 Ra8 13. Be3 f5 14. f3 f4 15. Bf2 b6 16. a4 Nc5 17. Nxc5 bxc5 18. Qd2 g5 19. Rfb1 h5 20. Qd1 1-0

[Event "Nizhnij Novgorod Dubinin Memorial 19th"]
[Site "Nizhnij Novgorod"]
[Date "2012.01.??"]
[Round "3"]
[White "Kluev, Vladimir"]
[Black "Sukhinin, Timur"]
[Result "1-0"]
[WhiteElo "2105"]
[BlackElo "1910"]
[PlyCount "39"]
[EventDate "2012.01.??"]
[EventType "swiss"]
[EventRounds "9"]
[EventCountry "RUS"]
[SourceTitle "EXT 2015"]
[Source "ChessBase"]
[SourceDate "2014.11.20"]
[SourceVersion "1"]
[SourceVersionDate "2014.11.20"]
[SourceQuality "1"]

1. Nf3 Nf6 2. g3 b6 3. Bg2 Bb7 4. 0-0 c5 5. c4 g6 6. Nc3 Bg7 7. e3 d5 8. Nh4 Bc6 9. cxd5 Nxd5 10. Nxd5 Bxd5 11. Qa4+ Kf8 12. Nf3 Qd7 13. Qc2 Qb7 14. Nh4 Bxg2 15. Nxg2 Nc6 16. a3 Rd8 17. f4 f5 18. Rb1 Qd7 19. b4 cxb4 20. axb4 1-0

[Event "Nizhnij Novgorod Dubinin Memorial 17th"]
[Site "Nizhnij Novgorod"]
[Date "2010.??.??"]
[Round "?"]
[White "Mulenko, Alexander"]
[Black "Kluev, Vladimir"]
[Result "1/2-1/2"]
[WhiteElo "2098"]
[BlackElo "2107"]
[PlyCount "39"]
[EventDate "2010.01.03"]
[EventType "swiss"]
[EventRounds "9"]
[EventCountry "RUS"]
[SourceTitle "CBM 134 Extra"]
[Source "ChessBase"]
[SourceDate "2010.03.03"]
[SourceVersion "1"]
[SourceVersionDate "2010.03.03"]
[SourceQuality "1"]

1. Nf3 Nf6 2. g3 g6 3. b4 Bg7 4. Na3 0-0 5. Bg2 d6 6. Bb2 c6 7. c4 Na6 8. Nc2 Be6 9. d3 d5 10. Nfd4 Bd7 11. cxd5 Nxd5 12. a3 e5 13. Nb3 Be6 14. Na5 Qd7 15. 0-0 b6 16. Nc4 f6 17. Rc1 Bh3 18. e4 Bxg2 19. Kxg2 Ndc7 20. d4 1/2-1/2

[Event "Nizhnij Novgorod Dubinin Memorial 17th"]
[Site "Nizhnij Novgorod"]
[Date "2010.??.??"]
[Round "?"]
[White "Pashkin, Viktor"]
[Black "Kluev, Vladimir"]
[Result "0-1"]
[WhiteElo "1844"]
[BlackElo "2107"]
[PlyCount "116"]
[EventDate "2010.01.03"]
[EventType "swiss"]
[EventRounds "9"]
[EventCountry "RUS"]
[SourceTitle "CBM 134 Extra"]
[Source "ChessBase"]
[SourceDate "2010.03.03"]
[SourceVersion "1"]
[SourceVersionDate "2010.03.03"]
[SourceQuality "1"]

1. b3 d5 2. Bb2 Nf6 3. e3 Bg4 4. Be2 Bxe2 5. Qxe2 c6 6. Nf3 Nbd7 7. d3 e6 8. Nbd2 Bb4 9. a3 Bxd2+ 10. Nxd2 0-0 11. Nf3 Re8 12. Ne5 Nxe5 13. Bxe5 Nd7 14. Bg3 e5 15. 0-0 f5 16. f4 e4 17. dxe4 Rxe4 18. Rf3 Qe7 19. Bf2 Re8 20. Rh3 Nf6 21. Qf3 Qc5 22. Qd1 Ng4 23. Qd3 Nxf2 24. Kxf2 Rxf4+ 25. Rf3 Rxf3+ 26. Kxf3 Qd6 27. g3 Qh6 28. h4 Qh5+ 29. Kf2 Qg4 30. Rh1 Kf7 31. h5 Qe4 32. Rh4 Qxd3 33. cxd3 Kf6 34. Kf3 Kg5 35. a4 a5 36. b4 axb4 37. Rxb4 Re7 38. a5 Kxh5 39. Kf4 Kg6 40. Rb6 Kf6 41. a6 g5+ 42. Kf3 bxa6 43. Rxc6+ Re6 44. Rc5 Rd6 45. d4 g4+ 46. Kf2 h5 47. Kg2 Kg5 48. Rc8 Rg6 49. Rc5 h4 50. gxh4+ Kxh4 51. Rxd5 Re6 52. Rxf5 Rxe3 53. Rf6 Re2+ 54. Kf1 Ra2 55. d5 Kg3 56. d6 Rd2 57. d7 Rxd7 58. Rxa6 Rd1+ 0-1

[Event "Nizhnij Novgorod Voroniatov Memor 6th"]
[Site "Nizhnij Novgorod"]
[Date "2009.05.??"]
[Round "7"]
[White "Golovin, Leonid"]
[Black "Kluev, Vladimir"]
[Result "1-0"]
[WhiteElo "2450"]
[BlackElo "2103"]
[PlyCount "41"]
[EventDate "2009.05.03"]
[EventType "swiss"]
[EventRounds "8"]
[EventCountry "RUS"]
[SourceTitle "EXT 2022"]
[Source "ChessBase"]
[SourceDate "2021.10.06"]
[SourceVersion "1"]
[SourceVersionDate "2021.10.06"]
[SourceQuality "1"]

1. e4 e5 2. Nf3 Nc6 3. Bc4 Nf6 4. d3 Be7 5. Nbd2 d6 6. c3 0-0 7. Bb3 Na5 8. Bc2 c5 9. h3 Qc7 10. 0-0 a6 11. Re1 b5 12. Nf1 Re8 13. Ng3 g6 14. Bg5 Nc6 15. Rc1 Nd8 16. d4 Ne6 17. Be3 Bf8 18. d5 Nf4 19. Ne2 Nxe2+ 20. Qxe2 Bg7 21. Kh2 1-0

[Event "Nizhnij Novgorod Dubinin Memorial 15th"]
[Site "Nizhnij Novgorod"]
[Date "2008.01.??"]
[Round "?"]
[White "Kluev, Vladimir"]
[Black "Pristalov, Evgeny"]
[Result "0-1"]
[WhiteElo "2136"]
[BlackElo "1841"]
[PlyCount "70"]
[EventDate "2008.01.??"]
[EventType "swiss"]
[EventRounds "9"]
[EventCountry "RUS"]
[SourceTitle "CBM 122 Extra"]
[Source "ChessBase"]
[SourceDate "2008.03.04"]
[SourceVersion "1"]
[SourceVersionDate "2008.03.04"]
[SourceQuality "1"]

1. Nf3 Nf6 2. c4 g6 3. Nc3 d5 4. cxd5 Nxd5 5. d4 Bg7 6. e4 Nxc3 7. bxc3 c5 8. Be2 Nc6 9. Be3 0-0 10. 0-0 cxd4 11. cxd4 Bg4 12. e5 Qd7 13. Qd2 Rfd8 14. Rfd1 Rac8 15. Rac1 e6 16. Bg5 Ne7 17. Rxc8 Rxc8 18. h3 Bf5 19. Ne1 Be4 20. h4 Bc6 21. h5 Ba4 22. Rb1 Nf5 23. hxg6 hxg6 24. Be3 Bc6 25. Bf3 Bxf3 26. Nxf3 Qd5 27. Rc1 Rc4 28. Rxc4 Qxc4 29. Ne1 Bf8 30. Qc2 Qd5 31. Nf3 a5 32. Ng5 Nxe3 33. fxe3 Bh6 34. Nf3 Bxe3+ 35. Kh1 Bxd4 0-1